A Greek-English Lexicon to the New Testament: (Record no. 6941)

MARC details
000 -LEADER
fixed length control field 00511nam a22001697a 4500
003 - CONTROL NUMBER IDENTIFIER
control field GBCCL
005 - DATE AND TIME OF LATEST TRANSACTION
control field 20241126110615.0
008 - FIXED-LENGTH DATA ELEMENTS--GENERAL INFORMATION
fixed length control field 180704b ||||| |||| 00| 0 eng d
040 ## - CATALOGING SOURCE
Transcribing agency gbc
082 ## - DEWEY DECIMAL CLASSIFICATION NUMBER
Classification number 225.48
Item number GRE
245 ## - TITLE STATEMENT
Title A Greek-English Lexicon to the New Testament:
250 ## - EDITION STATEMENT
Edition statement 24th ed.
Remainder of edition statement New edition with additions and alterations
260 ## - PUBLICATION, DISTRIBUTION, ETC.
Place of publication, distribution, etc. London:
Name of publisher, distributor, etc. Samuel Bagster & Sons,
Date of publication, distribution, etc. 1794
300 ## - PHYSICAL DESCRIPTION
Extent 216 p.;
Dimensions 17 cm.
650 ## - SUBJECT ADDED ENTRY--TOPICAL TERM
Topical term or geographic name entry element Bible
Form subdivision New Testament
-- Greek
General subdivision English Lexicon
9 (RLIN) 12363
942 ## - ADDED ENTRY ELEMENTS (KOHA)
Source of classification or shelving scheme Dewey Decimal Classification
Koha item type Language
Holdings
Withdrawn status Lost status Source of classification or shelving scheme Damaged status Not for loan Home library Current Library Shelving location Date acquired Total checkouts Full call number Barcode Date last seen Copy number Price effective from Koha item type
    Dewey Decimal Classification     GRACE BIBLE COLLEGE GRACE BIBLE COLLEGE Language 2018-07-04   225.48 GRE 000941 2025-05-01 c.1 2018-07-04 Language
© Grace Bible College Library 2025